| 000 | 00493nab a2200145Ia 4500 | ||
|---|---|---|---|
| 003 | ES-SlBCS | ||
| 005 | 20210601142105.0 | ||
| 008 | 140529s2007 xxu||||| |||| 00| 0 spa d | ||
| 041 | _aspa | ||
| 100 | 1 |
_aRíos López, Martín _9264726 |
|
| 245 | 0 | 0 |
_aUn probable origen de la filosofía: notas, registros y huellas de un trauma _c Martín Ríos López |
| 650 | 0 | 4 |
_aOrigen de la Filosofía _9264733 |
| 773 | 0 |
_tHermenéutica Intercultural _gnº. 16, 2007, págs. 135-151 _wRev1232 |
|
| 942 | _cAR | ||
| 999 |
_c671395 _d671395 |
||